[Event "Penang op 8th"]
[Site "Penang"]
[Date "2016.12.10"]
[Round "9"]
[White "Tan, Jun Ying"]
[Black "Abdullah, Mohd Kamal"]
[Result "1/2-1/2"]
[WhiteElo "1978"]
[BlackElo "2117"]
[PlyCount "135"]
[EventDate "2016.12.05"]
[EventType "swiss"]
[EventRounds "9"]
[EventCountry "MAS"]
[SourceTitle "CBM 176 Extra"]
[Source "ChessBase"]
[SourceDate "2017.03.02"]
[SourceVersion "1"]
[SourceVersionDate "2017.03.02"]
[SourceQuality "1"]

1. d4 Nf6 2. c4 c5 3. d5 b5 4. cxb5 a6 5. bxa6 g6 6. Nc3 Bxa6 7. g3 d6 8. Bg2 Bg7 9. Nf3 0-0 10. Rb1 Nbd7 11. 0-0 Qa5 12. Bd2 Rfb8 13. b3 Ng4 14. Qc2 Nge5 15. Ne1 Qc7 16. h3 Nb6 17. a4 Ned7 18. Qd1 Nc8 19. Nc2 Na7 20. Na3 Rb7 21. Qc2 Bd4 22. Be4 Rab8 23. Rfc1 Nf6 24. Bd3 Bxd3 25. Qxd3 Qd7 26. Ncb5 Nxb5 27. Nxb5 Qxh3 28. Nxd4 cxd4 29. b4 Qh5 30. Qf3 Qxf3 31. exf3 Nxd5 32. b5 Kf8 33. Rb3 Ke8 34. f4 f6 35. Kg2 Kd7 36. Rh1 h5 37. f5 gxf5 38. Rxh5 e6 39. Rh7+ Ke8 40. Rh8+ Kf7 41. Rh7+ Kg6 42. Rxb7 Rxb7 43. a5 Nc7 44. Rb4 Rxb5 45. Rxd4 d5 46. Ra4 Na6 47. Rh4 e5 48. Rh6+ Kg7 49. Bg5 fxg5 50. Rxa6 d4 51. f3 g4 52. fxg4 fxg4 53. Kf2 Rb2+ 54. Ke1 Kf7 55. Ra8 Ra2 56. a6 Kg7 57. a7 d3 58. Re8 Rxa7 59. Rxe5 Kf6 60. Rd5 Re7+ 61. Kd2 Re2+ 62. Kxd3 Rg2 63. Ke3 Rxg3+ 64. Kf4 Rg1 65. Rd6+ Kf7 66. Rd3 Kg6 67. Rg3 Rxg3 68. Kxg3 1/2-1/2

[Event "Olympiad-42"]
[Site "Baku"]
[Date "2016.09.11"]
[Round "9.3"]
[White "Taher, Yoseph Theolifus"]
[Black "Abdullah, Mohd Kamal"]
[Result "1-0"]
[WhiteElo "2321"]
[BlackElo "2100"]
[PlyCount "81"]
[EventDate "2016.09.02"]
[EventType "team-swiss"]
[EventRounds "11"]
[EventCountry "AZE"]
[SourceTitle "CBM 175"]
[Source "ChessBase"]
[SourceDate "2016.11.10"]
[SourceVersion "1"]
[SourceVersionDate "2016.11.10"]
[SourceQuality "1"]
[WhiteTeam "Indonesia"]
[BlackTeam "Malaysia"]
[WhiteTeamCountry "INA"]
[BlackTeamCountry "MAS"]

1. d4 Nf6 2. Nc3 c5 3. d5 d6 4. e4 g6 5. Bb5+ Bd7 6. a4 Bg7 7. Nf3 0-0 8. 0-0 Bg4 9. Be2 Bxf3 10. Bxf3 Nbd7 11. Re1 c4 12. Be2 Rc8 13. a5 Nc5 14. f3 a6 15. Be3 Qd7 16. Qd2 Rfd8 17. Kh1 Qe8 18. Bg1 h5 19. Bf1 Rc7 20. Bd4 Kh7 21. e5 dxe5 22. Bxe5 Rcc8 23. f4 Ne6 24. f5 Bh6 25. Qe2 Nf4 26. Qf3 N4xd5 27. fxg6+ fxg6 28. Bxf6 Nxf6 29. Qxb7 Rd7 30. Qxa6 Qg8 31. Rad1 Rcc7 32. Rxd7 Rxd7 33. Qxc4 Bd2 34. Qxg8+ Kxg8 35. Rd1 Ng4 36. Ne4 Rd4 37. Rxd2 Rxe4 38. h3 Re1 39. hxg4 Rxf1+ 40. Kh2 hxg4 41. Rd3 1-0

[Event "Olympiad-42"]
[Site "Baku"]
[Date "2016.09.10"]
[Round "8.3"]
[White "Abdullah, Mohd Kamal"]
[Black "Delgadillo, Adonai"]
[Result "0-1"]
[WhiteElo "2100"]
[BlackElo "2232"]
[PlyCount "74"]
[EventDate "2016.09.02"]
[EventType "team-swiss"]
[EventRounds "11"]
[EventCountry "AZE"]
[SourceTitle "CBM 175"]
[Source "ChessBase"]
[SourceDate "2016.11.10"]
[SourceVersion "1"]
[SourceVersionDate "2016.11.10"]
[SourceQuality "1"]
[WhiteTeam "Malaysia"]
[BlackTeam "Bolivia"]
[WhiteTeamCountry "MAS"]
[BlackTeamCountry "BOL"]

1. e4 c5 2. Nf3 d6 3. c4 e5 4. Be2 Nc6 5. Nc3 f5 6. d3 Nf6 7. Bg5 Be7 8. Bxf6 Bxf6 9. a3 0-0 10. 0-0 Kh8 11. Ne1 Nd4 12. Nc2 Qb6 13. b4 Be6 14. Rb1 Qc6 15. bxc5 Nxe2+ 16. Qxe2 dxc5 17. Nd5 f4 18. a4 Rab8 19. a5 Bd8 20. Qh5 Qd6 21. a6 bxa6 22. Na3 Ba5 23. Qh4 Bb4 24. Nc2 Bxd5 25. exd5 Bc3 26. Qg4 Rb6 27. Na3 Bb2 28. Nc2 Rfb8 29. Ne1 a5 30. Qd1 Rb4 31. Nf3 a4 32. Ng5 Qg6 33. Ne4 a3 34. Ra1 Bxa1 35. Qxa1 f3 36. g3 Qf5 37. Qd1 a2 0-1

[Event "Genting zt"]
[Site "Genting"]
[Date "1995.??.??"]
[Round "1"]
[White "Abdullah, Mohd Kamal"]
[Black "Sadikin The, Irwanto"]
[Result "1/2-1/2"]
[WhiteElo "2210"]
[BlackElo "2375"]
[PlyCount "43"]
[EventDate "1995.07.??"]
[EventType "swiss"]
[EventRounds "11"]
[EventCountry "INA"]
[SourceTitle "CBM 047 Extra"]
[Source "ChessBase"]
[SourceDate "1995.09.01"]
[SourceVersion "1"]
[SourceVersionDate "1995.09.01"]
[SourceQuality "1"]

1. e4 c6 2. d4 d5 3. e5 Bf5 4. Nf3 e6 5. Be2 c5 6. Be3 Qb6 7. b3 Nc6 8. 0-0 cxd4 9. Nxd4 Nxd4 10. Bxd4 Bc5 11. Bb2 a6 12. Nc3 Qc7 13. Na4 Ba7 14. c4 Ne7 15. cxd5 Nxd5 16. Rc1 Qe7 17. Bf3 Rd8 18. Bxd5 exd5 19. Bd4 Bxd4 20. Qxd4 0-0 21. Rfe1 Rfe8 22. f3 1/2-1/2

[Event "Jakarta zt"]
[Site "Jakarta"]
[Date "1993.??.??"]
[Round "4"]
[White "Abdullah, Mohd Kamal"]
[Black "Reilly, Tim"]
[Result "1-0"]
[WhiteElo "2230"]
[BlackElo "2350"]
[PlyCount "95"]
[EventDate "1993.01.??"]
[EventType "swiss"]
[EventRounds "11"]
[EventCountry "INA"]
[SourceTitle "CBM 035"]
[Source "ChessBase"]
[SourceDate "1993.08.01"]
[SourceVersion "1"]
[SourceVersionDate "1993.08.01"]
[SourceQuality "1"]

1. e4 d6 2. d4 Nf6 3. Nc3 g6 4. Be3 c6 5. Qd2 b5 6. Bd3 Nbd7 7. Nf3 Bg7 8. 0-0 0-0 9. Bh6 e5 10. Bxg7 Kxg7 11. a4 b4 12. Ne2 a5 13. c3 Rb8 14. Ng3 h6 15. Rad1 Re8 16. dxe5 dxe5 17. Bc4 Qe7 18. Nh4 Nc5 19. Rfe1 Nxa4 20. Ra1 bxc3 21. bxc3 Nb6 22. Ba6 Nh7 23. Nhf5+ Bxf5 24. exf5 a4 25. Bd3 Rbd8 26. Qc2 Qd6 27. Red1 Qf6 28. Rab1 Rb8 29. Rb4 a3 30. Rg4 Kh8 31. fxg6 fxg6 32. Rxg6 Qf4 33. Nh5 Qa4 34. Qd2 a2 35. Rxh6 Re7 36. Ra1 e4 37. Qg5 Rbb7 38. Qf6+ Rg7 39. Nxg7 Kg8 40. Qd8+ Kxg7 41. Rh4 Nf6 42. Qh8+ Kf7 43. Rh7+ Ke6 44. Rxb7 exd3 45. Qh3+ Ke5 46. Qe3+ Ne4 47. Re7+ Kd5 48. Qxd3+ 1-0

[Event "Jakarta zt"]
[Site "Jakarta"]
[Date "1993.??.??"]
[Round "1"]
[White "Abdullah, Mohd Kamal"]
[Black "Yang, Xian"]
[Result "0-1"]
[WhiteElo "2230"]
[BlackElo "2415"]
[PlyCount "84"]
[EventDate "1993.01.??"]
[EventType "swiss"]
[EventRounds "11"]
[EventCountry "INA"]
[SourceTitle "CBM 035"]
[Source "ChessBase"]
[SourceDate "1993.08.01"]
[SourceVersion "1"]
[SourceVersionDate "1993.08.01"]
[SourceQuality "1"]

1. e4 c5 2. Nc3 Nc6 3. g3 g6 4. Bg2 Bg7 5. d3 d6 6. Be3 e6 7. Qd2 Nd4 8. Nd1 Nf6 9. c3 Nc6 10. h3 0-0 11. Ne2 e5 12. 0-0 b6 13. f4 Ba6 14. Nf2 d5 15. fxe5 Nxe5 16. Bg5 dxe4 17. Nxe4 Nxe4 18. Bxe4 f6 19. Bh6 Rb8 20. Bxg7 Kxg7 21. Nf4 Qd7 22. Rad1 Rbe8 23. Qg2 f5 24. Bd5 g5 25. Nh5+ Kg6 26. g4 fxg4 27. Ng3 Nf3+ 28. Bxf3 gxf3 29. Rxf3 Bb7 30. Rxf8 Bxg2 31. Rxe8 Qxe8 32. Kxg2 Qa4 33. Rd2 Qxa2 34. d4 cxd4 35. cxd4 Qd5+ 36. Kf2 b5 37. Nf1 Qf5+ 38. Kg2 Qe4+ 39. Kf2 Kf6 40. d5 Qf4+ 41. Ke2 Ke7 42. d6+ Kd7 0-1

[Event "Olympiad-30"]
[Site "Manila"]
[Date "1992.06.12"]
[Round "5.2"]
[White "Zabasajja, Willy"]
[Black "Abdullah, Mohd Kamal"]
[Result "1/2-1/2"]
[WhiteElo "2320"]
[BlackElo "2205"]
[PlyCount "123"]
[EventDate "1992.06.08"]
[EventType "team-swiss"]
[EventRounds "14"]
[EventCountry "PHI"]
[SourceTitle "TD"]
[Source "ChessBase"]
[SourceDate "1994.03.01"]
[SourceVersion "1"]
[SourceVersionDate "1994.03.01"]
[SourceQuality "1"]
[WhiteTeam "Uganda"]
[BlackTeam "Malaysia"]
[WhiteTeamCountry "UGA"]
[BlackTeamCountry "MAS"]

1. d4 Nf6 2. c4 g6 3. Nc3 Bg7 4. e4 d6 5. f4 c5 6. d5 0-0 7. Nf3 e6 8. Bd3 exd5 9. cxd5 Re8 10. 0-0 c4 11. Bc2 b5 12. a3 Nbd7 13. Be3 a6 14. Bd4 Bb7 15. Qd2 Rc8 16. Rad1 Nc5 17. Rfe1 Nb3 18. Bxb3 cxb3 19. Ra1 a5 20. Qd3 Ba6 21. Nd2 a4 22. Nxa4 Rc2 23. Nb6 Nh5 24. g3 Bxd4+ 25. Qxd4 Rxd2 26. Qxd2 Qxb6+ 27. Qf2 Qa5 28. e5 dxe5 29. fxe5 Bb7 30. Rad1 Qc7 31. g4 Ng7 32. Qf4 Rd8 33. d6 Qc6 34. Kf2 Ne6 35. Qf6 Rc8 36. Rd2 Qg2+ 37. Ke3 Qe4+ 38. Kf2 Qg2+ 39. Ke3 Qe4+ 40. Kf2 Qxg4 41. d7 Rd8 42. Rg1 Qe4 43. Rd6 Qf4+ 44. Qxf4 Nxf4 45. Rc1 Ne6 46. Rcd1 Nc7 47. R1d3 Ne6 48. Rb6 Nc5 49. Rd1 Be4 50. Rxb5 Nd3+ 51. Ke3 Nxb2 52. Rd4 Bc2 53. a4 Nxa4 54. Rxa4 Rxd7 55. Rd4 Ra7 56. h4 Kg7 57. Kf4 h6 58. Rb8 Ra5 59. Rdd8 g5+ 60. hxg5 hxg5+ 61. Kxg5 Rxe5+ 62. Kf4 1/2-1/2

[Event "Olympiad-30"]
[Site "Manila"]
[Date "1992.06.11"]
[Round "4.3"]
[White "Yasseen, Aly"]
[Black "Abdullah, Mohd Kamal"]
[Result "1-0"]
[WhiteElo "2305"]
[BlackElo "2205"]
[PlyCount "100"]
[EventDate "1992.06.08"]
[EventType "team-swiss"]
[EventRounds "14"]
[EventCountry "PHI"]
[SourceTitle "TD"]
[Source "ChessBase"]
[SourceDate "1994.03.01"]
[SourceVersion "1"]
[SourceVersionDate "1994.03.01"]
[SourceQuality "1"]
[WhiteTeam "Egypt"]
[BlackTeam "Malaysia"]
[WhiteTeamCountry "EGY"]
[BlackTeamCountry "MAS"]

1. e4 c5 2. Nf3 d6 3. d4 cxd4 4. Nxd4 Nf6 5. Nc3 g6 6. Be2 Bg7 7. 0-0 0-0 8. Bg5 Nc6 9. Nb3 Be6 10. f4 Na5 11. f5 Bc4 12. Kh1 Bxe2 13. Qxe2 Rc8 14. Nxa5 Qxa5 15. Bxf6 Bxf6 16. Nd5 Rce8 17. c3 Be5 18. Qd3 e6 19. Ne3 Qd8 20. Rf3 Qh4 21. g3 Qh6 22. f6 g5 23. Nc4 g4 24. Rf2 Qh5 25. Rd1 Rd8 26. Qe3 b6 27. a4 Qg6 28. Rdf1 Rc8 29. Qe2 Rfd8 30. Kg1 h5 31. a5 b5 32. Nxe5 dxe5 33. Qxb5 Qxe4 34. Re2 Rd5 35. Qa6 Qc4 36. Qxc4 Rxc4 37. Rfe1 Rcc5 38. b4 Rxc3 39. Rxe5 Rcd3 40. b5 Kh7 41. Rxd5 Rxd5 42. Rb1 Rd8 43. Kf2 Kg6 44. Ke3 Kxf6 45. Ke4 e5 46. b6 axb6 47. axb6 Kg5 48. Rb4 Kg6 49. Kxe5 Kg5 50. b7 f5 1-0

[Event "Olympiad-30"]
[Site "Manila"]
[Date "1992.06.08"]
[Round "1.3"]
[White "Abdullah, Mohd Kamal"]
[Black "Rodriguez Vargas, Orestes"]
[Result "1/2-1/2"]
[WhiteElo "2205"]
[BlackElo "2455"]
[PlyCount "150"]
[EventDate "1992.06.08"]
[EventType "team-swiss"]
[EventRounds "14"]
[EventCountry "PHI"]
[SourceTitle "TD"]
[Source "ChessBase"]
[SourceDate "1994.03.01"]
[SourceVersion "1"]
[SourceVersionDate "1994.03.01"]
[SourceQuality "1"]
[WhiteTeam "Malaysia"]
[BlackTeam "Spain"]
[WhiteTeamCountry "MAS"]
[BlackTeamCountry "ESP"]

1. e4 d5 2. exd5 Nf6 3. d4 Nxd5 4. Nf3 g6 5. Bc4 Bg7 6. 0-0 0-0 7. Re1 Nc6 8. c3 e6 9. Nbd2 b6 10. Ne5 Nxe5 11. dxe5 Bb7 12. Nf3 h6 13. Nd4 a6 14. Qg4 c5 15. Nf3 b5 16. Bb3 Ne7 17. Bf4 Nf5 18. Rad1 Qe7 19. Nd2 Rad8 20. Ne4 Rxd1 21. Bxd1 Bxe4 22. Rxe4 Rd8 23. Bc2 Qc7 24. Re1 Ne7 25. Bg3 Rd2 26. Re2 Rd7 27. Re1 Nd5 28. Rd1 Nb6 29. Qe2 Rxd1+ 30. Bxd1 c4 31. f4 Bf8 32. Qd2 Bc5+ 33. Bf2 Nd5 34. Bf3 Bxf2+ 35. Kxf2 Qc5+ 36. Kg3 Ne7 37. Be4 g5 38. Qd4 Qxd4 39. cxd4 gxf4+ 40. Kxf4 a5 41. h4 b4 42. Ke3 Kg7 43. g3 Nd5+ 44. Ke2 a4 45. a3 c3 46. axb4 cxb2 47. Kd2 a3 48. Kc2 Nxb4+ 49. Kb3 Nc6 50. Kxa3 Nxd4 51. Kxb2 h5 52. Bd3 Nc6 53. Be2 Kg6 54. Kc3 Nxe5 55. Kd4 Ng4 56. Bf3 f5 57. Bc6 Kf7 58. Ba4 Ke7 59. Bc2 e5+ 60. Kd3 Kf6 61. Ba4 Ke7 62. Bc6 Nf6 63. Ke3 Kd6 64. Ba4 Kc5 65. Bd1 Ng4+ 66. Kf3 Kd4 67. Ba4 Kd3 68. Bd7 Nh2+ 69. Kg2 Ng4 70. Kf3 e4+ 71. Kf4 e3 72. Bb5+ Kd2 73. Kxf5 Nf2 74. Bf1 e2 75. Bxe2 Kxe2 1/2-1/2

[Event "Olympiad-29"]
[Site "Novi Sad"]
[Date "1990.12.03"]
[Round "14"]
[White "Abdullah, Mohd Kamal"]
[Black "Martineau, Gregory"]
[Result "1/2-1/2"]
[WhiteElo "2235"]
[BlackElo "2210"]
[PlyCount "123"]
[EventDate "1990.11.17"]
[EventType "team-swiss"]
[EventRounds "14"]
[EventCountry "YUG"]
[SourceTitle "EXT 2019"]
[Source "ChessBase"]
[SourceDate "2018.10.10"]
[SourceVersion "1"]
[SourceVersionDate "2018.10.10"]
[SourceQuality "1"]
[WhiteTeam "Malaysia"]
[BlackTeam "Haiti"]
[WhiteTeamCountry "MAS"]
[BlackTeamCountry "HAI"]

1. d4 Nf6 2. Nc3 d5 3. Bg5 e6 4. e4 Be7 5. e5 Nfd7 6. Bxe7 Qxe7 7. f4 a6 8. Nf3 c5 9. Qd2 Nc6 10. Be2 cxd4 11. Nxd4 Nxd4 12. Qxd4 Qc5 13. 0-0-0 Qxd4 14. Rxd4 Nb8 15. Re1 Nc6 16. Rd2 Bd7 17. Kb1 Ne7 18. Bd3 0-0-0 19. Ne2 Nc6 20. c3 h6 21. b4 g5 22. g3 gxf4 23. Nxf4 d4 24. cxd4 Nxd4 25. Bxa6 Nf3 26. Rc2+ Kb8 27. Re3 Ba4 28. Rf2 Rd1+ 29. Kb2 Nd2 30. Bd3 Rc8 31. Ree2 Nc4+ 32. Bxc4 Rxc4 33. a3 Rcc1 34. Rd2 Rb1+ 35. Kc3 Rb3+ 36. Kd4 Rxd2+ 37. Rxd2 Rxa3 38. Kc4 Kc7 39. b5 Kb6 40. Kb4 Ra1 41. Rd7 Bxb5 42. Rxf7 Ra4+ 43. Kc3 Rc4+ 44. Kb2 Re4 45. Nxe6 Rxe5 46. Rf6 Re2+ 47. Kc3 Rxh2 48. Nd4+ Bc6 49. Nf5 h5 50. Rh6 Kc5 51. Ng7 Bf3 52. Ne6+ Kd5 53. Kd3 Bg4 54. Nf4+ Kc5 55. Kc3 b5 56. Nd3+ Kd5 57. Kb4 Ke4 58. Nf4 Rb2+ 59. Kc3 Rh2 60. Kb4 Kf3 61. Kxb5 Kxg3 62. Nxh5+ 1/2-1/2

[Event "Olympiad-29"]
[Site "Novi Sad"]
[Date "1990.11.27"]
[Round "10"]
[White "Abdullah, Mohd Kamal"]
[Black "Garrard, Collin"]
[Result "1-0"]
[WhiteElo "2235"]
[BlackElo "2205"]
[PlyCount "74"]
[EventDate "1990.11.17"]
[EventType "team-swiss"]
[EventRounds "14"]
[EventCountry "YUG"]
[SourceTitle "EXT 2019"]
[Source "ChessBase"]
[SourceDate "2018.10.10"]
[SourceVersion "1"]
[SourceVersionDate "2018.10.10"]
[SourceQuality "1"]
[WhiteTeam "Malaysia"]
[BlackTeam "Zimbabwe"]
[WhiteTeamCountry "MAS"]
[BlackTeamCountry "ZIM"]

1. e4 c6 2. d4 d5 3. Nd2 dxe4 4. Nxe4 Nf6 5. Nxf6+ gxf6 6. Bf4 Bf5 7. Bc4 e6 8. Nf3 Bd6 9. Bg3 Qc7 10. Nh4 Bg6 11. Qe2 Bxg3 12. hxg3 Rf8 13. 0-0-0 Nd7 14. Bxe6 0-0-0 15. Nxg6 hxg6 16. Bb3 Nb6 17. Rhe1 Rd7 18. Qf3 Qd8 19. c3 Nd5 20. Re2 Re8 21. Rxe8 Qxe8 22. c4 Nb6 23. Qxf6 Qe4 24. c5 Nd5 25. Qf3 Qe7 26. Bxd5 Rxd5 27. Qe3 Qd7 28. Rh1 Qd8 29. Rh4 Kd7 30. Rf4 f5 31. Rh4 Qg8 32. Qg5 Qg7 33. Qf4 g5 34. Qb8 Ke6 35. Qe8+ Kf6 36. Rh8 g4 37. Rf8+ Kg5 1-0

[Event "Asia-chT final 8th"]
[Site "Genting Highlands"]
[Date "1989.07.26"]
[Round "8"]
[White "Abdullah, Mohd Kamal"]
[Black "Thipsay, Praveen Mahadeo"]
[Result "0-1"]
[WhiteElo "2205"]
[BlackElo "2415"]
[PlyCount "70"]
[EventDate "1989.07.19"]
[EventType "team-swiss"]
[EventRounds "9"]
[EventCountry "MAS"]
[SourceTitle "EXT 2020"]
[Source "ChessBase"]
[SourceDate "2019.10.17"]
[SourceVersion "1"]
[SourceVersionDate "2019.10.17"]
[SourceQuality "1"]
[WhiteTeam "Malaysia"]
[BlackTeam "India"]
[WhiteTeamCountry "MAS"]
[BlackTeamCountry "IND"]

1. e4 e5 2. Nf3 Nc6 3. Bc4 Nf6 4. Ng5 Bc5 5. d4 d5 6. dxc5 dxc4 7. Qxd8+ Nxd8 8. 0-0 Nd7 9. f4 f6 10. Nf3 exf4 11. Na3 Ne6 12. c6 bxc6 13. Rd1 Ba6 14. Nd4 Nxd4 15. Rxd4 g5 16. b3 0-0-0 17. Bb2 Ne5 18. bxc4 Rxd4 19. Bxd4 Rd8 20. c3 c5 21. Bxc5 Rd2 22. Rf1 Rxa2 23. Rf2 Ra1+ 24. Rf1 Rxf1+ 25. Kxf1 Nxc4 26. Nxc4 Bxc4+ 27. Ke1 a5 28. Be7 a4 29. Kd2 g4 30. Bxf6 a3 31. Kc1 Kd7 32. Bg5 f3 33. gxf3 gxf3 34. Bh4 Ke6 35. Bg3 Bd3 0-1